[Event "Tourn. n9112"]
[Site "www.chess-mail.com"]
[Date "2017.02.12"]
[Round "1"]
[White "Passaroa25"]
[Black "Autmich"]
[WhiteElo "1560"]
[BlackElo "1649"]
[Result "0-1"]
[Round "1"]
1.e4 c5
2.c3 Nb8c6
3.f3 d6
4.Ng1e2 g6
5.Ne2g3 Bf8g7
6.d3 Ng8f6
7.Nb1d2 O-O
8.Bf1e2 Qd8b6
9.Nd2b3 Bc8d7
10.Bc1e3 Qb6c7
11.Be3f2 d5
12.Nb3xc5 dxe4
13.dxe4 Rf8d8
14.O-O e6
15.Nc5d3 Nc6e7
16.Ra1c1 Qc7a5
17.Nd3b4 Bd7b5
18.Qd1e1 Ra8c8
19.a3 Bb5xe2
20.Qe1xe2 Rd8d7
21.Bf2d4 Ne7c6
22.Nb4xc6 Rc8xc6
23.Ng3h1 Rc6c8
24.Rc1a1 Rd7d8
25.b4 Qa5c7
26.Ra1c1 e5
27.Bd4xa7 b6
28.Qe2e3 Qc7xa7
29.Rc1a1 Rc8c4
30.Nh1f2 Rd8c8
31.Rf1c1 Qa7c7
32.Nf2d1 h5
33.h4 Kh7
34.Nd1b2 Rc4xc3
35.Qe3e1 Rc3xc1
36.Ra1xc1 Qc7xc1
37.Qe1xc1 Rc8xc1
38.Kh2 Rc1c3
39.a4 Rc3b3
40.Nb2c4 Rb3xb4
41.Nc4xe5 Nf6g4
42.fxg4 Bg7xe5
43.Kh3 Rb4b3
44.g3 Rb3xg3
45.Kh2 Rg3xg4
46.Kh1 Rg4xh4
47.Kg2 Rh4xe4
48.Kf3 Re4xa4
{ resign }
0-1

[Event "Tourn. n9100"]
[Site "www.chess-mail.com"]
[Date "2017.02.12"]
[Round "1"]
[White "Redabond"]
[Black "Ditto"]
[WhiteElo "1710"]
[BlackElo "1840"]
[Result "1-0"]
[Round "1"]
1.d4 d5
2.Bc1f4 Ng8f6
3.Nb1c3 Bc8f5
4.Nc3b5 Nb8a6
5.e3 c6
6.Nb5c3 e6
7.Bf1xa6 bxa6
8.Ng1f3 Bf8b4
9.O-O O-O
10.Qd1d2 Nf6e4
11.Qd2e1 Ne4xc3
12.bxc3 Bb4e7
13.Qe1d2 Ra8b8
14.Bf4xb8 Qd8xb8
15.Nf3e5 Bf5e4
16.f3 Be4f5
17.Ne5d7 Rf8d8
18.Nd7xb8 Rd8xb8
19.Ra1b1 Rb8f8
20.Rb1b7 Be7g5
21.f4 Bg5d8
22.Rb7xa7 a5
23.Ra7a8 h6
24.Ra8xa5 Bd8xa5
25.g4  { time }
1-0

[Event "Tourn. n9213"]
[Site "www.chess-mail.com"]
[Date "2017.02.12"]
[Round "1"]
[White "Paulsyd"]
[Black "Lucaschess"]
[WhiteElo "1839"]
[BlackElo "1939"]
[Result "1-0"]
[Round "1"]
1.e4 e5
2.Ng1f3 Ng8f6
3.d4 exd4
4.e5 Qd8e7
5.Bf1e2 Nf6g8
6.O-O d5
7.exd6 Qe7xd6
8.Nb1a3 Nb8c6
9.Na3b5 Qd6d8
10.Bc1f4 Bf8d6
11.Nb5xd6 cxd6
12.Nf3xd4 Ng8e7
13.Nd4xc6 bxc6
14.Qd1xd6 O-O
15.Ra1d1 Bc8e6
16.Qd6c5 Qd8b6
17.Qc5xe7 { resign }
1-0

[Event "Tourn. n9037"]
[Site "www.chess-mail.com"]
[Date "2017.02.12"]
[Round "1"]
[White "Tonino1"]
[Black "Osopanda"]
[WhiteElo "2030"]
[BlackElo "2050"]
[Result "1-0"]
[Round "1"]
1.f4 Ng8f6
2.d4 d6
3.e3 e5
4.dxe5 dxe5
5.Qd1xd8 Kxd8
6.fxe5 Nf6g4
7.Ng1f3 Nb8c6
8.b3 Ng4xe5
9.Nf3xe5 Nc6xe5
10.Bc1b2 Bf8d6
11.Nb1d2 Bc8f5
12.O-O-O Ke7
13.Nd2c4 Ne5xc4
14.Bf1xc4 f6
15.Rh1e1 Bf5e4
16.Rd1d4 f5
17.g3 a6
18.g4 b5
19.Bc4d5 Be4xd5
20.Rd4xd5 fxg4
21.Rd5g5 Rh8g8
22.Rg5xg4 Ra8f8
23.Rg4xg7 Rg8xg7
24.Bb2xg7 Rf8f2
25.h4 Bd6g3
26.Re1h1 Rf2e2
27.Bg7d4 Bg3d6
28.Rh1f1 Bd6a3
29.Kd1 Re2h2
30.e4 c5
31.Bd4f6 Ke6
32.e5 c4
33.Rf1f3 cxb3
34.axb3 a5
35.Rf3c3 Ba3b4
36.Rc3c6 Kd5
37.Rc6b6 Ke4
38.e6 Ke3
39.c3 Kd3
40.Kc1 Bb4a3
41.Kb1 Rh2b2
42.Ka1 Rb2xb3
43.e7 Ba3xe7
44.Bf6xe7 Kxc3
45.Be7f6 Kc2
46.Rb6c6 Kd3
47.Ka2 a4
48.Rc6d6 Ke4
49.Bf6b2 Kf4
50.Rd6h6 b4
51.Rh6xh7 Rb3h3
52.Rh7b7 b3
53.Ka3 Rh3h2
54.Rb7b4 Kf5
55.Rb4xa4 Rh2h3
56.Bb2c1 Rh3h1
57.Bc1g5 Rh1a1
58.Kxb3 Ra1b1
59.Kc3 Rb1d1
60.Ra4d4 Rd1a1
61.Rd4f4 Kg6
62.Rf4f6 Kh5
63.Rf6h6 Kg4
64.Bg5f6 Kf5
65.Kd3 Ra1a6
66.Bf6g7 Ra6a3
67.Kc4 Ra3g3
68.Bg7f6 Rg3g4
69.Kd5 Rg4g2
70.Kd6 Rg2a2
71.Ke7 Ra2a7
72.Kf8 Ra7b7
73.Kg8 Rb7d7
74.Bf6g7 Kg4
75.Kh7 Rd7b7
76.Kg6 Rb7b6
77.Bg7f6 Rb6a6
78.Rh6h8 Ra6c6
79.h5 Rc6c1
80.h6 Rc1g1
81.h7 Rg1h1
82.Rh8g8 Kf4
83.h8Q Rh1xh8
84.Rg8xh8 { resign }
1-0

[Event "Tourn. n9220"]
[Site "www.chess-mail.com"]
[Date "2017.02.12"]
[Round "1"]
[White "Leochessnut"]
[Black "Roohbakhsh"]
[WhiteElo "2010"]
[BlackElo "2180"]
[Result "0-1"]
[Round "1"]
1.c4 Ng8f6
2.b3 e6
3.d4 Bf8b4
4.Nb1d2 O-O
5.e3 Nf6e4
6.Bf1d3 d5
7.Ng1e2 f5
 { time }
0-1

[Event "Tourn. n9132"]
[Site "www.chess-mail.com"]
[Date "2017.02.12"]
[Round "1"]
[White "Llcervello"]
[Black "Falcoale"]
[WhiteElo "1690"]
[BlackElo "1870"]
[Result "0-1"]
[Round "1"]
1.e4 c5
2.c3 e6
3.d4 cxd4
4.Qd1xd4 Nb8c6
5.Qd4d3 Ng8f6
6.f3 Nc6e5
7.Qd3b5 Ne5c6
8.Bc1g5 a6
9.Bg5xf6 Qd8xf6
10.Qb5b6 Bf8e7
11.g4 O-O
12.Bf1c4 Be7d8
13.Qb6c5 b6
14.Qc5e3 b5
15.Bc4b3 Bc8b7
16.Ng1e2 Bd8c7
17.O-O Nc6a5
18.g5 Qf6g6
19.f4 Bb7xe4
20.Rf1d1 Be4f5
21.Rd1xd7 Na5xb3
22.axb3 Bc7xf4
23.Qe3xf4 Bf5xb1
24.h4 Bb1f5
25.Ra1d1 Bf5c2
26.Rd1d6 Bc2xb3
27.Ne2d4 Qg6b1
28.Kf2 Qb1xb2
29.Nd4e2 Bb3c4
30.Rd6d2 Qb2a3
31.h5 Qa3c5
32.Ne2d4 Ra8d8
33.Rd7xd8 Rf8xd8
34.Kg3 a5
35.Rd2b2 e5
36.Qf4e4 exd4
37.cxd4 Qc5xg5
38.Qe4g4 Qg5xg4
39.Kxg4 Rd8xd4
40.Kf5 g6
41.hxg6 fxg6
42.Ke5 Rd4d1
43.Kf6 a4
44.Rb2c2 a3
45.Rc2c3 a2
46.Rc3e3 a1Q
47.Re3e5 Qa1xe5
48.Kxe5 b4
49.Ke4 b3
50.Ke3 b2
51.Kf3 b1Q
52.Kf4 Qb1f5
53.Ke3 Qf5e5
54.Kf3 Rd1f1
55.Kg4 Qe5f4
56.Kh3 Bc4e6
57.Kg2 Qf4f2
{ resign }
0-1

[Event "Tourn. n9018"]
[Site "www.chess-mail.com"]
[Date "2017.02.12"]
[Round "1"]
[White "Kampungboy"]
[Black "Egdiogel"]
[WhiteElo "2540"]
[BlackElo "2210"]
[Result "1/2-1/2"]
[Round "1"]
1.e4 e5
2.Nb1c3 Ng8f6
3.f4 d5
4.fxe5 Nf6xe4
5.Qd1f3 Nb8c6
6.Bf1b5 Ne4xc3
7.bxc3 Bc8d7
8.d4 Qd8h4
9.g3 Qh4e7
10.Qf3xd5 Nc6xe5
11.Qd5xb7 Ne5c6
12.Bb5e2 Ra8b8
13.Qb7xc7 g5
14.Ng1f3 Rb8c8
15.Qc7b7 Rc8b8
16.Qb7a6 g4
17.O-O Rb8b6
18.Qa6d3 gxf3
19.Rf1xf3 Bd7e6
20.Bc1f4 Qe7d7
21.Ra1d1 Nc6e7
22.Bf4e5 Rh8g8
23.c4 Be6f5
24.Qd3c3 Bf5g4
25.Rf3e3 Bf8h6
26.d5 Bh6xe3
27.Qc3xe3 Rb6b7
28.Rd1e1 Bg4xe2
29.Qe3xe2 Rg8g6
30.Be5d4 Kd8
31.Bd4c5 Ne7g8
32.a3 Kc8
33.Bc5d4 f5
34.Qe2e5 Ng8h6
35.c5 Nh6f7
36.Qe5e8 Qd7xe8
37.Re1xe8 Nf7d8
38.Kf2 Rb7b1
39.Re8f8 Rb1h1
40.Bd4f6 Rh1xh2
41.Ke3 Rg6xf6
42.Rf8xf6 Rh2xc2
43.Kd4 Rc2d2
44.Kc4 Rd2g2
45.Rf6xf5 Rg2xg3
46.Rf5e5 h6
47.Re5e7 Rg3xa3
48.Kb4 Ra3d3
{ draw }
1/2-1/2

[Event "Tourn. n9244"]
[Site "www.chess-mail.com"]
[Date "2017.02.12"]
[Round "1"]
[White "Norlavuaram"]
[Black "Bojan"]
[WhiteElo "2120"]
[BlackElo "2050"]
[Result "1-0"]
[Round "1"]
1.e4 e5
2.Ng1f3 Nb8c6
3.Bf1b5 Qd8f6
4.O-O a6
5.Bb5a4 Nc6d4
6.Nf3xd4 exd4
7.d3 c6
8.f4 d6
9.Nb1d2 b5
10.Ba4b3 g6
11.e5 Qf6f5
12.exd6 Bf8xd6
13.Nd2e4 Bd6e7
14.Qd1e2 Ng8f6
15.Ne4d6 Kf8
16.Nd6xf5 gxf5
17.Bc1d2 Bc8b7
18.Qe2e5 Ra8d8
19.Ra1e1 Rd8d7
20.Qe5xf5 Rd7d6
21.Bd2b4 Rd6e6
22.Re1xe6 fxe6
23.Bb4xe7 { resign }
1-0

[Event "Tourn. n9119"]
[Site "www.chess-mail.com"]
[Date "2017.02.12"]
[Round "1"]
[White "Fabos12"]
[Black "Julian"]
[WhiteElo "2090"]
[BlackElo "1950"]
[Result "0-1"]
[Round "1"]
1.d4 Ng8f6
2.c4 e6
3.Nb1c3 d5
4.cxd5 exd5
5.Bc1g5 c6
6.e3 Bf8e7
7.Bf1d3 O-O
8.Ng1f3 Bc8g4
9.h3 Bg4e6
10.Qd1d2 Nb8d7
11.O-O-O c5
12.Rh1g1 cxd4
13.Nf3xd4 Nd7e5
14.Bd3c2 Ra8c8
15.Kb1 Ne5c4
16.Qd2e2 Qd8b6
17.Nd4b3 a6
18.f4 Nc4xe3
19.Rd1e1 Ne3xc2
20.Qe2xc2 d4
21.Rg1f1 dxc3
22.bxc3 a5
23.Ka1 { time. }
0-1

[Event "Tourn. n9138"]
[Site "www.chess-mail.com"]
[Date "2017.02.12"]
[Round "1"]
[White "Aperturaf"]
[Black "Ejner"]
[WhiteElo "2380"]
[BlackElo "2380"]
[Result "1-0"]
[Round "1"]
1.e4 e5
2.Ng1f3 Nb8c6
3.d4 exd4
4.Nf3xd4 Bf8c5
5.Bc1e3 Qd8f6
6.c3 Ng8e7
7.Bf1c4 Nc6e5
8.Bc4e2 Qf6g6
9.O-O d6
10.Kh1 Qg6xe4
11.Nb1d2 Qe4g6
12.Nd4b5 O-O
13.Nb5xc7 Ra8b8
14.Be2h5 Qg6f5
15.f4 Ne5d3
16.Qd1e2 Nd3xb2
17.Be3xc5 Qf5xc5
18.Qe2xe7 Qc5xh5
19.Nd2e4 Bc8g4
20.f5 Qh5h6
21.Ne4xd6 Nb2d3
22.f6 Qh6g5
23.Qe7e4 Nd3c5
24.Qe4d4 Rb8d8
25.fxg7 { resign }
1-0

[Event "Tourn. n9182"]
[Site "www.chess-mail.com"]
[Date "2017.02.12"]
[Round "1"]
[White "Norlavuaram"]
[Black "Yoj"]
[WhiteElo "2070"]
[BlackElo "2150"]
[Result "1-0"]
[Round "1"]
1.e4 Ng8f6
2.e5 Nf6d5
3.d4 Nb8c6
4.Ng1f3 a6
5.c4 Nd5b6
6.Nb1c3 d5
7.cxd5 Nb6xd5
8.Bf1c4 Nd5xc3
9.bxc3 Bc8g4
10.O-O e6
11.Ra1b1 b5
12.Bc4e2 Bg4f5
13.Be2d3 Bf5g4
14.Bc1e3 f6
15.exf6 Qd8xf6
16.Bd3e2 Bf8d6
17.Qd1d2 O-O
18.Be3g5 Qf6f5
19.Nf3h4 Qf5e4
20.Be2d3 Qe4d5
21.Rb1e1 h6
22.Bd3e4 Qd5xg5
23.Qd2xg5 hxg5
24.Nh4g6 Rf8f6
25.Be4xc6 Ra8d8
26.Ng6e5 Bd6xe5
27.Re1xe5 Rd8f8
28.h3 Bg4f5
29.f3 Bf5d3
30.Rf1e1 Bd3f5
31.g4 Bf5d3
32.Re5xe6 Rf6xf3
33.Bc6xf3 Rf8xf3
34.Re6e3 Rf3xe3
35.Re1xe3 Bd3c4
36.Re3e7 c6
37.Re7a7 Bc4xa2
38.Ra7xa6 Ba2d5
39.Ra6a7 Kh7
40.Kf2 Kh6
41.Kg3 Kg6
42.Ra7c7 Kh6
43.h4 gxh4
44.Kxh4 g5
45.Kg3 Bd5e4
46.Kf2 Be4d5
47.Ke3 Bd5h1
48.Rc7c8 Bh1d5
49.Rc8d8 Kg7
50.Kd2  { time }
1-0

[Event "Tourn. n9210"]
[Site "www.chess-mail.com"]
[Date "2017.02.12"]
[Round "1"]
[White "Mancini"]
[Black "Osopanda"]
[WhiteElo "2069"]
[BlackElo "2040"]
[Result "1-0"]
[Round "1"]
1.d4 d5
2.c4 e6
3.Nb1c3 c6
4.e4 dxe4
5.Nc3xe4 Ng8f6
6.Ne4xf6 Qd8xf6
7.Ng1f3 Bf8d6
8.Bf1d3 O-O
9.Bc1g5 { resign }
1-0

[Event "Tourn. n9166"]
[Site "www.chess-mail.com"]
[Date "2017.02.12"]
[Round "1"]
[White "Forest"]
[Black "Wegaman"]
[WhiteElo "1820"]
[BlackElo "1930"]
[Result "0-1"]
[Round "1"]
1.e4 e6
2.d4 d5
3.Nb1c3 Bf8b4
4.e5 c5
5.Bc1d2 Nb8c6
6.dxc5 Bb4xc5
7.Ng1f3 Ng8e7
8.Bf1b5 O-O
9.O-O Ne7g6
10.Bb5xc6 bxc6
11.Bd2g5 Qd8c7
12.Rf1e1 Qc7b6
13.Bg5e3 Bc5xe3
14.Re1xe3 Bc8b7
15.Ra1b1 Ra8d8
16.Qd1d4 Qb6xd4
17.Nf3xd4 c5
{ resign }
0-1

[Event "Tourn. n9220"]
[Site "www.chess-mail.com"]
[Date "2017.02.12"]
[Round "1"]
[White "Norlavuaram"]
[Black "Roohbakhsh"]
[WhiteElo "2190"]
[BlackElo "2180"]
[Result "0-1"]
[Round "1"]
1.e4 c5
2.Ng1f3 d6
3.d4 cxd4
4.Nf3xd4 Ng8f6
5.Nb1c3 a6
6.Bf1e2 e6
7.Bc1e3 Qd8c7
8.Qd1d2 b5
9.a3 Bc8b7
10.f3 Nb8d7
11.O-O Bf8e7
12.Rf1d1 O-O
13.g4 h6
14.Rd1f1 d5
15.Be2d3 Nd7e5
16.exd5 Nf6xd5
17.Nc3xd5 Bb7xd5
18.h3 Ne5c4
19.Qd2c1 Be7c5
20.Bd3xc4 bxc4
21.Kg2 Qc7e5
22.c3 Ra8b8
23.Be3f4 Qe5f6
24.Bf4e3 Bc5xd4
25.Be3xd4 Qf6g6
26.Qc1d2 h5
27.Qd2f4 Rb8xb2
28.Rf1f2 Rb2xf2
29.Bd4xf2 hxg4
30.hxg4 Qg6c2
31.Kg3 Qc2xc3
32.Bf2d4 Qc3d3
33.Qf4e3 Qd3xe3
34.Bd4xe3 Rf8b8
35.Kf2 Rb8b2
36.Kg3 Rb2b3
37.Kf2 c3
{ resign }
0-1

[Event "Match"]
[Site "www.echecsemail.com"]
[Date "2017.02.12"]
[Round "1"]
[White "Irene"]
[Black "Coraza"]
[WhiteElo "2140"]
[BlackElo "1780"]
[Result "1-0"]
[Round "1"]
1.d4 g6
2.Nb1c3 Bf8g7
3.e3 Ng8f6
4.Ng1f3 O-O
5.Bf1d3 b6
6.O-O Bc8b7
7.e4 d6
8.Bd3c4 Bb7a6
9.Qd1e2 Qd8c8
10.Nf3g5 Ba6xc4
11.Qe2xc4 h6
12.Ng5f3 a6
13.e5 b5
14.Qc4b3 Nf6d7
15.e6 Nd7f6
16.exf7 Rf8xf7
17.Rf1e1 Nb8c6
18.Nc3d5 e6
19.Nd5xf6 Bg7xf6
20.Re1xe6 Nc6d8
21.Re6xf6 Kg7
22.Rf6f4 Qc8d7
23.Rf4xf7 Nd8xf7
24.Bc1d2 Ra8e8
25.Ra1e1 Re8f8
26.Qb3d3 g5
27.d5 Nf7d8
28.Bd2c3 Rf8f6
29.Qd3d4 Qd7f7
30.Re1e8 c5
31.Qd4xf6 Qf7xf6
32.Bc3xf6 Kxf6
33.Re8xd8 Ke7
34.Rd8h8 g4
35.Nf3h4 { resign }
1-0

[Event "Match"]
[Site "www.echecsemail.com"]
[Date "2017.02.12"]
[Round "1"]
[White "Gimmyg"]
[Black "Forest"]
[WhiteElo "2530"]
[BlackElo "1760"]
[Result "1-0"]
[Round "1"]
1.Ng1f3 d5
2.b3 c5
3.e3 Ng8f6
4.Bc1b2 Nb8c6
5.h3 e6
6.Bf1e2 Bf8d6
7.O-O O-O
8.c4 b6
9.d4 Bc8b7
10.cxd5 exd5
11.Nb1c3 a6
12.Nc3a4 cxd4
13.Nf3xd4 Nc6xd4
14.Qd1xd4 b5
15.Na4c5 Bd6xc5
16.Qd4xc5 Ra8c8
17.Qc5d4 Rf8e8
18.Ra1c1 Rc8xc1
19.Rf1xc1 Qd8d7
20.Qd4f4 Re8c8
21.Rc1xc8 Qd7xc8
22.Bb2xf6 gxf6
23.Qf4xf6 Qc8c2
24.Be2h5 Qc2c7
25.Qf6g5 Kf8
26.Qg5h6 Kg8
27.Qh6f6 Qc7d7
28.Bh5g4 Qd7c7
29.Bg4f5 Qc7c1
30.Kh2 Qc1c7
31.f4 a5
32.Qf6h6 f6
33.Bf5e6 { resign }
1-0

[Event "Match"]
[Site "www.echecsemail.com"]
[Date "2017.02.12"]
[Round "1"]
[White "Pdebonis"]
[Black "Paco"]
[WhiteElo "1499"]
[BlackElo "1850"]
[Result "1-0"]
[Round "1"]
1.e4 e5
2.Ng1f3 Nb8c6
3.Bf1b5 Nc6d4
4.Nf3xd4 exd4
5.O-O c6
6.Bb5c4 Bf8c5
7.Bc4xf7 Kxf7
8.Qd1h5 g6
9.Qh5xc5 Qd8f6
10.e5 Qf6f5
11.Qc5xd4 Ng8e7
12.Nb1c3 Qf5xc2
13.e6 dxe6
14.Qd4xh8 Qc2f5
15.Qh8xh7 Kf6
16.Rf1e1 b5
17.d4 Bc8b7
18.Nc3e4 Qf5xe4
19.Re1xe4 c5
20.Bc1g5 { resign }
1-0

[Event "Match"]
[Site "www.echecsemail.com"]
[Date "2017.02.12"]
[Round "1"]
[White "Xkafi"]
[Black "Jobeye"]
[WhiteElo "1940"]
[BlackElo "2010"]
[Result "1-0"]
[Round "1"]
1.e4 e5
2.Bf1c4 Ng8f6
3.d3 Bf8c5
4.Bc1g5 d5
5.exd5 Bc5xf2
6.Kd2 Bf2d4
7.c3 Nf6e4
8.dxe4 Qd8xg5
9.Kc2 Qg5xg2
10.Ng1e2 Bd4e3
11.Nb1d2 Be3xd2
12.Qd1xd2 Qg2xe4
13.Kb3 O-O
14.Rh1g1 Nb8a6
15.Ra1e1 Qe4f5
16.Ne2g3 Na6c5
17.Kb4 a5
18.Ka3 Qf5d7
19.b3 b5
20.Bc4d3 b4
21.cxb4 axb4
22.Kb2 Nc5xd3
23.Qd2xd3 Bc8b7
24.Re1xe5 f6
25.Re5h5 g6
26.Ng3e4 Qd7g7
27.Ne4c5 Bb7c8
28.a4 bxa3
29.Ka2 f5
30.Rg1g2 Kh8
31.Rh5h4 Qg7f6
32.Rh4h3 f4
33.Nc5e4 Qf6e5
34.Rh3h6 Bc8f5
35.Qd3c3 Qe5xc3
36.Ne4xc3 Ra8a5
37.b4 Ra5a6
38.Rg2f2 Bf5d3
39.Rh6h3 Bd3c4
40.Ka1 Rf8e8
41.Rf2d2 Re8e1
42.Rd2d1 Re1xd1
43.Nc3xd1 Bc4xd5
44.Nd1c3 Bd5g2
45.Rh3d3 f3
46.Nc3e4 Bg2f1
47.Rd3xf3 Bf1g2
48.Rf3f4 Bg2xe4
49.Rf4xe4 Ra6a4
50.Ka2 c5
51.Re4e8  { time }
1-0

[Event "Match"]
[Site "www.echecsemail.com"]
[Date "2017.02.12"]
[Round "1"]
[White "Irene"]
[Black "Fatmike02"]
[WhiteElo "2120"]
[BlackElo "1749"]
[Result "0-1"]
[Round "1"]
1.d4 d5
2.Nb1c3 c6
3.Ng1f3 e6
4.e3 Ng8f6
5.Nf3e5 Nb8d7
6.f4 a6
7.g4 c5
8.g5 Nd7xe5
9.fxe5 cxd4
10.exd4 Bf8b4
11.gxf6 gxf6
12.Bc1f4 Rh8g8
13.Qd1h5 Bb4xc3
14.bxc3 fxe5
15.Bf4xe5 Qd8g5
16.Qh5xg5 Rg8xg5
17.Bf1d3 Bc8d7
18.Bd3xh7 Ra8c8
19.Kd2 Rg5g2
20.Kd3 Bd7b5
21.Ke3 Rc8xc3
22.Kf4 Rg2f2
23.Kg4 f6
24.Be5g3 Rf2d2
25.Ra1d1 Bb5e2
26.Kh4 Be2xd1
27.Rh1f1 Ke7
28.Bg3f4 Rd2xd4
{ resign }
0-1

[Event "Match"]
[Site "www.echecsemail.com"]
[Date "2017.02.12"]
[Round "1"]
[White "Ledzepp"]
[Black "Lightning"]
[WhiteElo "1480"]
[BlackElo "1499"]
[Result "0-1"]
[Round "1"]
1.e4 c5
2.Bf1c4 e6
3.Ng1h3 Nb8c6
4.Qd1f3 Ng8f6
5.Nb1c3 Nc6d4
6.Qf3d3 d5
7.Nh3f4 dxc4
8.Qd3xc4 Nd4xc2
9.Ke2 Nc2xa1
10.b4 Na1c2
11.bxc5 Nc2d4
12.Kd3 Bf8xc5
13.Nc3a4 b5
14.Qc4c3 bxa4
15.Qc3xc5 Nd4b3
{ resign }
0-1

[Event "Match"]
[Site "www.echecsemail.com"]
[Date "2017.02.12"]
[Round "1"]
[White "Yoj"]
[Black "Liencam2"]
[WhiteElo "1809"]
[BlackElo "2320"]
[Result "0-1"]
[Round "1"]
1.e4 c5
2.Qd1h5 Ng8f6
3.Qh5xc5 Nf6xe4
4.Qc5b4 d5
5.Bf1b5 Nb8c6
6.d3 Ne4d6
7.Bb5xc6 bxc6
8.Ng1f3 g6
9.Qb4c5 Bc8b7
10.Bc1g5 Bf8g7
11.c3 O-O
12.Nb1d2 Qd8c7
13.O-O-O a5
14.Rh1e1 f6
15.Bg5f4 e5
16.Bf4e3 Bb7a6
17.Nd2b3 Nd6b7
18.Qc5b6 Qc7d7
19.Be3c5 Nb7xc5
20.Nb3xc5 Qd7c8
21.h3 Rf8f7
22.g4 Bg7f8
23.Nc5xa6 Ra8xa6
24.Qb6e3 Qc8b8
25.a3 Ra6b6
 { time }
0-1

[Event "Match"]
[Site "www.echecsemail.com"]
[Date "2017.02.12"]
[Round "1"]
[White "Osvalazo"]
[Black "Billyg"]
[WhiteElo "1800"]
[BlackElo "1680"]
[Result "0-1"]
[Round "1"]
1.e4 e6
2.Ng1f3 d5
3.d4 dxe4
4.Nf3d2 Nb8c6
5.Nd2xe4 a6
6.Bc1e3 b5
7.Bf1e2 Bc8b7
8.a4 f5
9.Be3g5 Bf8e7
10.Bg5f4 Nc6xd4
11.Ne4c3 b4
12.Nc3a2 Ng8f6
13.O-O O-O
14.Bf4xc7 Nd4xe2
15.Qd1xe2 Qd8xc7
16.Rf1c1 Ra8d8
17.Qe2xe6 Kh8
18.c4 Bb7c8
19.Qe6e2 Rf8e8
20.Qe2c2 Qc7b7
21.Nb1d2 Bc8e6
22.b3 Rd8c8
23.Nd2f3 Nf6e4
24.Nf3d4 Be7f6
25.Rc1d1 Qb7b6
26.Qc2d3 Bf6xd4
27.Na2c1 Re8d8
28.Qd3f3 Bd4xf2
29.Kh1 Rd8xd1
30.Qf3xd1 Bf2d4
31.Ra1a2 Ne4c3
32.Qd1d2 Rc8d8
33.h3 Nc3xa2
34.Qd2xa2 Bd4e5
35.Qa2e2 Qb6d6
36.g4 f4
37.Nc1a2 Qd6c6
38.Kg1 Be5d4
39.Kh2 Rd8e8
40.Na2xb4 Qc6c7
41.Kh1 Qc7b7
42.Nb4d5 Be6xd5
{ resign }
0-1

[Event "Match"]
[Site "www.echecsemail.com"]
[Date "2017.02.12"]
[Round "1"]
[White "Chapi"]
[Black "Forest"]
[WhiteElo "2120"]
[BlackElo "1760"]
[Result "0-1"]
[Round "1"]
1.d4 Ng8f6
2.c4 g6
3.Nb1c3 Bf8g7
4.Ng1f3 d6
5.e4 O-O
6.Bf1e2 c6
7.O-O Qd8c7
8.Bc1f4 Nf6h5
9.Bf4e3 e5
10.Nf3g5 Nh5f6
11.f4 exf4
12.Be3xf4 b6
13.b4 Qc7d8
14.Be2f3 Bc8b7
15.e5 dxe5
16.Bf4xe5 Nb8d7
17.Be5f4 h6
18.Ng5e4 Nf6xe4
19.Nc3xe4 Nd7f6
20.Ne4xf6 Qd8xf6
21.Bf4e5 Qf6e6
22.Be5xg7 Kxg7
23.Qd1c2 Rf8d8
24.Rf1e1 Qe6f6
25.b5 Ra8b8
26.Qc2a4 cxb5
27.Qa4xa7 Qf6xd4
28.Kh1 Bb7xf3
29.gxf3 bxc4
30.Ra1c1 Qd4d5
31.Kg2 Rb8a8
32.Qa7xb6 Ra8xa2
33.Kh3 Qd5f5
34.Kg3 Qf5g5
35.Kh3 Qg5f5
36.Kg3 Rd8d2
37.Re1g1 Qf5g5
{ resign }
0-1

[Event "Match"]
[Site "www.echecsemail.com"]
[Date "2017.02.12"]
[Round "1"]
[White "Luke1302"]
[Black "Mihaiiorga"]
[WhiteElo "1449"]
[BlackElo "1199"]
[Result "0-1"]
[Round "1"]
1.d4 g6
2.Qd1d2 d6
3.g3 Bf8g7
4.Bf1g2 Ng8f6
5.b3 c5
6.Bc1b2 cxd4
7.Bb2xd4 Nb8c6
8.c3 e5
9.Bd4e3 O-O
10.Ng1h3 d5
11.Be3g5 Bc8e6
12.g4 Be6xg4
13.Bg5xf6 Bg7xf6
14.Bg2xd5 Bg4xh3
15.Rh1g1 Bf6h4
16.Qd2e3 Qd8xd5
17.Qe3xh3 Ra8d8
18.Qh3xh4 Qd5d1

0-1

[Event "Match"]
[Site "www.echecsemail.com"]
[Date "2017.02.12"]
[Round "1"]
[White "Coraza"]
[Black "Wagner"]
[WhiteElo "1760"]
[BlackElo "1840"]
[Result "1-0"]
[Round "1"]
1.Ng1f3 d5
2.d4 f6
3.Nb1c3 c6
4.g3 g5
5.h4 g4
6.Nf3h2 f5
7.Bf1g2 e6
8.Bc1g5 Qd8a5
9.O-O h6
10.Bg5d2 Qa5d8
11.Bd2f4 Bf8g7
12.Bf4xb8 Ra8xb8
13.Rf1e1 Ng8f6
14.a4 a5
15.e3 Bg7f8
16.Nc3a2 h5
17.Na2c1 Qd8d6
18.Nc1e2 Bf8h6
19.Qd1d2 b6
20.Re1b1 c5
21.Ne2c3 Bc8a6
22.Bg2f1 c4
23.b3 Qd6c6
24.b4 b5
25.axb5 Ba6xb5
26.Ra1xa5 Bh6g7
27.Rb1a1 Nf6e4
28.Nc3xe4 fxe4
29.c3 Rh8f8
30.Ra5a7 Rf8g8
31.Ra1a3 e5
32.Qd2a2 Bg7f6
33.Bf1e2 Bf6e7
34.Nh2f1 Kf7
35.Be2d1 exd4
36.exd4 Rg8f8
37.Nf1e3 Qc6f6
38.Ne3xd5 Qf6d6
39.Ra7xe7 Kg8
40.Ra3a7 Qd6g6
41.Re7g7 Qg6xg7
42.Ra7xg7 Kxg7
43.Nd5f4 Kh6
44.Qa2d2 Kh7
45.Nf4xh5 Rb8b6
46.Bd1xg4 Rb6g6
47.Bg4e2 Rg6e6
48.Qd2g5 Rf8g8
49.Nh5f6 { resign }
1-0

[Event "Match"]
[Site "www.echecsemail.com"]
[Date "2017.02.12"]
[Round "1"]
[White "Pwain"]
[Black "Chapi"]
[WhiteElo "2400"]
[BlackElo "2080"]
[Result "1-0"]
[Round "1"]
1.e4 c5
2.Ng1f3 Nb8c6
3.Bf1b5 g6
4.O-O Bf8g7
5.Nb1c3 a6
6.Bb5xc6 bxc6
7.e5 d6
8.Rf1e1 d5
9.h3 e6
10.d3 Ng8e7
11.Nc3a4 Qd8a5
12.c4 Ra8b8
13.Bc1d2 Qa5c7
14.Na4xc5 O-O
15.Qd1c2 Qc7a7
16.b4 a5
17.a3 Bc8d7
18.Bd2c3 f6
19.exf6 Bg7xf6
20.Nc5xe6 Rf8f7
21.Ne6g5 Bf6xg5
22.Nf3xg5 Rf7f5
23.Re1xe7 d4
24.Bc3d2 axb4
25.Ra1b1 Qa7xa3
26.Re7xd7 b3
27.Qc2b2 Qa3a2
28.Qb2xa2 bxa2
29.Rb1xb8 Rf5f8
30.Rb8xf8 Kxf8
31.Rd7a7 { resign }
1-0

[Event "1/64 Finale"]
[Site "www.chess-mail.com"]
[Date "2017.02.12"]
[Round "1"]
[White "Norlavuaram"]
[Black "Genius9"]
[WhiteElo "2110"]
[BlackElo "1610"]
[Result "1-0"]
[Round "1"]
1.e4 e5
2.Ng1f3 Ng8f6
3.Nf3xe5 d6
4.Ne5f3 Nf6xe4
5.d4 d5
6.Bf1d3 Bf8e7
7.c4 c6
8.O-O O-O
9.Nb1c3 Ne4xc3
10.bxc3 dxc4
11.Bd3xc4 Be7f6
12.Rf1e1 Nb8d7
13.Bc1f4 Nd7b6
14.Bc4d3 Nb6d5
15.Bf4d2 Bc8e6
16.Qd1c2 g6
17.Ra1b1 b5
18.Bd2h6 Bf6g7
19.Bh6xg7 Kxg7
20.Nf3e5 Qd8c7
21.h4 Nd5f4
22.Bd3e4 Be6d5
23.g3 Bd5xe4
24.Qc2xe4 Nf4d5
25.Qe4d3 a6
26.c4 Nd5f6
27.Qd3c2 Qc7b7
28.Rb1d1 Qb7b6
29.Qc2b2 Qb6c7
30.d5 cxd5
{ time. }
1-0

[Event "1/64 Finale"]
[Site "www.chess-mail.com"]
[Date "2017.02.12"]
[Round "1"]
[White "Guidom"]
[Black "Llord"]
[WhiteElo "2050"]
[BlackElo "1990"]
[Result "1-0"]
[Round "1"]
1.e4 e5
2.Ng1f3 Nb8c6
3.Bf1b5 d6
4.O-O Bc8d7
5.c3 a6
6.Bb5a4 Ng8f6
7.Rf1e1 Bf8e7
8.d4 b5
9.Ba4b3 O-O
10.Bc1g5 h6
11.Bg5h4 Nf6h7
12.Bh4xe7 Qd8xe7
13.Bb3d5 Nh7f6
14.Nb1d2 Nf6xd5
15.exd5 Nc6a5
16.dxe5 dxe5
17.Re1xe5 Qe7d6
18.Nd2e4 Qd6g6
19.Ne4g3 Bd7g4
20.b3 f6
21.Re5e7 Ra8c8
22.Qd1d2 Rc8d8
23.c4 bxc4
24.Qd2xa5 cxb3
25.axb3 Qg6d3
26.Qa5xc7 Qd3g6
27.Nf3h4 Qg6h7
28.d6 Rd8c8
29.Qc7b7 Rc8b8
30.Qb7d5 Kh8
31.h3 Rb8b5
32.Qd5c6 Rb5xb3
33.Re7e8 { resign }
1-0

[Event "Tourn. n9118"]
[Site "www.chess-mail.com"]
[Date "2017.02.13"]
[Round "1"]
[White "Prize640"]
[Black "Kampungboy"]
[WhiteElo "2420"]
[BlackElo "2630"]
[Result "0-1"]
[Round "1"]
1.Ng1f3 d5
2.c4 c6
3.e3 Ng8f6
4.b3 Bc8g4
5.Bc1b2 e6
6.d4 Nb8d7
7.Nb1d2 Bf8d6
8.Bf1d3 O-O
9.O-O e5
10.dxe5 Nd7xe5
11.Bd3e2 Ne5xf3
12.Nd2xf3 dxc4
13.Be2xc4 Qd8e7
14.h3 Bg4h5
15.Bc4e2 Ra8d8
16.Qd1c1 Nf6e4
17.Qc1c4 Bh5xf3
18.Be2xf3 Ne4d2
19.Qc4g4 f5
20.Qg4h5 Nd2xf1
21.Ra1xf1 Bd6a3
22.Bb2d4 Ba3c5
23.Bd4b2 Rd8d2
24.Rf1b1 Rd2xf2
25.Kxf2 Qe7xe3
26.Kg3 Bc5d6
27.Kh4 Qe3f4
{ resign }
0-1

[Event "Tourn. n9209"]
[Site "www.chess-mail.com"]
[Date "2017.02.13"]
[Round "1"]
[White "Autmich"]
[Black "Osmundw"]
[WhiteElo "1690"]
[BlackElo "1440"]
[Result "1-0"]
[Round "1"]
1.e4 e6
2.d4 d5
3.Nb1c3 Ng8f6
4.Bc1g5 Nb8c6
5.e5 b5
6.Nc3xb5 Ra8b8
7.exf6 gxf6
8.Bg5f4 a6
9.Bf4xc7 Qd8d7
10.Bc7xb8 Nc6xb8
11.Nb5c3 e5
12.dxe5 fxe5
13.Qd1xd5 Bf8d6
14.O-O-O Bc8b7
15.Qd5xd6 Bb7c6
16.Qd6xb8 { resign }
1-0

[Event "Tourn. n9177"]
[Site "www.chess-mail.com"]
[Date "2017.02.13"]
[Round "1"]
[White "Osopanda"]
[Black "Forest"]
[WhiteElo "1960"]
[BlackElo "1870"]
[Result "1/2-1/2"]
[Round "1"]
1.Ng1f3 d5
2.d4 Ng8f6
3.Bc1g5 Nb8d7
4.c3 g6
5.Nb1d2 Bf8g7
6.e3 O-O
7.Bf1d3 b6
8.O-O Bc8b7
9.Rf1e1 c5
10.e4 dxe4
11.Nd2xe4 Nf6xe4
12.Bd3xe4 Bb7xe4
13.Re1xe4 Nd7f6
14.Bg5xf6 Bg7xf6
15.dxc5 bxc5
16.Qd1e2 Qd8c7
{ draw }
1/2-1/2